Lyrics - All of me - Statistiques

Statistiques générales
  • Ce quiz a été pris 346 fois
  • Le résultat moyen est 255 sur 338
Statistiques - réponses
Réponse % Correct
I
98%
you
98%
me
96%
all
94%
All
94%
your
94%
of
93%
and
92%
And
92%
be
87%
Love
87%
'Cause
86%
Cause
86%
do
86%
I'm
86%
my
85%
My
85%
when
82%
Give
81%
give
81%
What
81%
what
81%
to
78%
loves
75%
out
75%
perfect
74%
would
74%
Even
73%
head
72%
in
72%
You're
71%
you're
71%
winning
70%
without
70%
imperfections
69%
lose
68%
mind ?
68%
mind
68%
beginning
65%
end
65%
I'll
64%
on
64%
beautiful
63%
mouth ?
63%
down
62%
kicking
61%
no
61%
but
60%
But
60%
curves
60%
edges
60%
so
60%
can't
58%
smart
58%
spinning
57%
The
57%
the
57%
fine
56%
breathing
55%
got
55%
crazy
52%
magical
52%
kidding
51%
too ?
51%
underwater
51%
alright
50%
don't
50%
that
50%
head's
49%
have
48%
know
48%
dizzy
46%
going
46%
mystery
46%
What's
45%
crying
44%
muse
44%
How
43%
it
43%
ride
41%
Drawing
40%
hit
40%
is
40%
tell
40%
many
39%
for
38%
pin
38%
times
38%
blues
37%
distraction
36%
worst
36%
rythm
35%
downfall
33%
You've
33%
world
32%
every
31%
it's
30%
singing
28%
stop
27%
table
26%
ringing
25%
around
23%
oh-oh
23%
Risking
22%
we're
22%
beating
21%
both
21%
Cards
21%
mood
20%
showing
19%
through
19%
hearts
18%
hard
17%
though
17%
Aucun quiz correspondant
Distribution des résultats
% des personnes avec chaque résultat
Percentile par nombre de réponses
Votre historique - résultats
Vous n’avez pas pris ce quiz